| 000 | 00644nam a2200253 a 4500 | ||
|---|---|---|---|
| 001 | 14330 | ||
| 003 | BD-JhCC | ||
| 005 | 20250304102133.0 | ||
| 008 | 250302b19662018e a|||| ||a| 001 0 eng d | ||
| 020 | _a9780241339855 | ||
| 035 | _a(BD-JhCC)14330 | ||
| 040 |
_aBD-JhCC _dBD-JhCC |
||
| 041 | _aenglish | ||
| 082 |
_a808.83 _bEKW 2018 |
||
| 100 | _a Ekwensi,Cyprian | ||
| 245 |
_aGlittering City / _cCyprian Ekwensi. |
||
| 260 |
_aNew York: _bPenguin Books; _c2018. |
||
| 300 |
_a64 p. : _c16 cm. |
||
| 490 | _aPenguin Modern: 32 | ||
| 500 | _aPenguin Modern: 32 | ||
| 650 | _aEnglish Short stories. | ||
| 942 |
_2ddc _cBK |
||
| 999 |
_c14330 _d14330 |
||